Statistics for National Capitals Of The Americas With No Repeated Vowels

Click here to take the quiz!

General Stats

  • This quiz has been taken 21 times
    (14 since last reset)
  • The average score is 11 of 14

Answer Stats

Answer% Correct
Asuncion
93%
Belmopan
86%
Bridgetown
86%
Castries
86%
Kingston
86%
Washington
86%
Kingstown
79%
Lima
79%
Quito
79%
Roseau
71%
San Jose
71%
Port-Au-prince
64%
Sucre
64%
St Johns
57%

Score Distribution

Percentile by Number Answered

Percent of People with Each Score

Your Score History

You have not taken this quiz since the last reset